Tilastot visalle Belize-visa

Klikkaa tästä pelataksesi tätä visaa!

Yleistilastot

  • Tätä visaa on pelattu 188 kertaa
  • Keskiarvotulos 13 / 17

Vastaustilastot

VihjeVastaus% Oikein
Virallinen kieliEnglanti
96%
NaapurimaatGuatemala
96%
NaapurimaatMeksiko
96%
Meri, jonka rannalla Belize sijaitseeKaribianmeri
94%
Valtio, josta Belize itsenäistyi 1981Yhdistynyt kuningaskunta
94%
ValuuttaDollari
87%
Hedelmä, joka kattaa 15 % viennistäBanaani
83%
PääkaupunkiBelmopan
81%
Muinainen sivilisaatioMaya
81%
Niemimaa, jossa Belize sijaitseeJukatan
76%
Lahti Belizen itäpuolellaHondurasinlahti
71%
Väkirikkain kaupunkiBelize City
69%
Suuri merenpohjassa oleva jyrkkäreunainen aukko,
joka on suosittu laitesukelluspaikka
Great {Blue} Hole
61%
Belizessä 1970-luvun lopulla kehitetty musiikkityyli{Punta} rock
55%
Belizen siirtomaa-aikainen nimiBrittiläinen Honduras
52%
Belizen rannikon läheisyydessä sijaitsee maailman toiseksi pisinValliriutta
48%
Puhutuin kieliKriol
44%

Tulosjakauma

Persentiili vastausten määrän mukaan

Jokaisen tuloksen saaneiden osuus

Tuloshistoriasi

Et ole pelannut tätä visaa